000 00579nam a2200169 i 4500
001 41946
003 ES-MaACL
005 20231229063012.0
007 t|
008 030312s1962 sp ||||1| spa d
100 1 _aCastán Tobeñas, José,
_d1889-1969
_936392
245 1 3 _aLa propiedad y sus problemas actuales /
_cdiscurso leído por José Castán Tobeñas, en la solemne apertura de los Tribunales celebrada el 15 de septiembre de 1962.
260 _aMadrid :
_bReus,
_c1962.
300 _a146 p. ;
_c25 cm.
852 _aES-MaACL
_jC-22517
_bR.50813
999 _c41946
_d41946